El famoso Santuario de Nuestra Señora de Ribagorda en Peralejos de las Truchas (Guadalajara), en el antiguo Señorío de Molina / (Record no. 139146)
[ view plain ]
| 000 -LEADER | |
|---|---|
| campo de control de longitud fija | 01090nam a2200229 4500 |
| 001 - NÚMERO DE CONTROL | |
| campo de control | 139146 |
| 003 - IDENTIFICADOR DE NÚMERO DE CONTROL | |
| campo de control | ES-MaACL |
| 005 - FECHA Y HORA DE LA ÚLTIMA TRANSACCIÓN | |
| campo de control | 20250419124648.0 |
| 007 - CAMPO FIJO DE DESCRIPCIÓN FÍSICA--INFORMACIÓN GENERAL | |
| campo de control de longitud fija | t| |
| 008 - DATOS DE LONGITUD FIJA--INFORMACIÓN GENERAL | |
| campo de control de longitud fija | 070214s1948 sp r ||||1| spa d |
| 100 0# - ENTRADA PRINCIPAL--NOMBRE DE PERSONA | |
| Nombre de persona | Sanz y Díaz, José, |
| Fechas asociadas al nombre | 1907-1988 |
| 9 (RLIN) | 103694 |
| 245 13 - MENCIÓN DEL TÍTULO | |
| Título | El famoso Santuario de Nuestra Señora de Ribagorda en Peralejos de las Truchas (Guadalajara), en el antiguo Señorío de Molina / |
| Mención de responsabilidad, etc. | por D. José Sanz y Díaz. |
| 260 ## - PUBLICACIÓN, DISTRIBUCIÓN, ETC. | |
| Lugar de publicación, distribución, etc. | [S. l. : |
| Nombre del editor, distribuidor, etc. | s. n.], |
| Fecha de publicación, distribución, etc. | 1948 ( |
| Lugar de fabricación/manufactura | Lérida : |
| Fabricante | Gráf. Academia Mariana) |
| 300 ## - DESCRIPCIÓN FÍSICA | |
| Extensión | 43 p. : |
| Otras características físicas | il. ; |
| Dimensiones | 22 cm. |
| 530 ## - NOTA DISPONIBLE DE FORMULARIO FÍSICO ADICIONAL | |
| Nota de formato físico adicional disponible | Disponible en formato digital. |
| 594 ## - Nota al título y mención de responsabilidad | |
| Nota al título y mención de responsabilidad | En port.: Certamen Literario y Artístico de 1947 en honor a Nuestra Señora del Camino, patrona de León y de la tierra leonesa. |
| 610 24 - PUNTO DE ACCESO ADICIONAL DE MATERIA--NOMBRE DE ENTIDAD CORPORATIVA | |
| Nombre de entidad corporativa o nombre de jurisdicción como elemento de entrada | Santuario de Nuestra Señora de Ribagorda (Guadalajara) |
| 9 (RLIN) | 171621 |
| 852 ## - LOCALIZACIÓN | |
| Ubicación | ES-MaACL |
| Número de control de estantería | 1888-F-12 |
| Ubicación en estantería | Depósito folletos |
| Nota libre | Revisado enlace: 19 de Abril de 2025 |
| 856 ## - LOCALIZACIÓN Y ACCESO ELECTRÓNICOS | |
| Identificador Uniforme de Recursos | <a href="http://bibliotecadigital.jcyl.es/es/consulta/registro.do?id=6811">http://bibliotecadigital.jcyl.es/es/consulta/registro.do?id=6811</a> |
| Nota pública | Biblioteca Digital de Castilla y León |
| 942 ## - ELEMENTOS DE ENTRADA SECUNDARIOS (KOHA) | |
| Fuente del sistema de clasificación o colocación | Clasificación decimal universal |
| Estatus retirado | Estado de pérdida | Estado de daño | No para préstamo | Colección | Biblioteca de origen | Biblioteca actual | Ubicación en estantería | Fecha de adquisición | Fuente de adquisición | Total de préstamos | Signatura topográfica completa | Código de barras | Visto por última vez | Precio de reemplazo | Tipo de ítem Koha |
|---|---|---|---|---|---|---|---|---|---|---|---|---|---|---|---|
| Colección de folletos | Biblioteca del Ateneo de Madrid | Biblioteca del Ateneo de Madrid | Depósito folletos | 17/01/2008 | 1888-F-12 | 1144800 | 23/02/2023 | 23/02/2023 | Folleto |
